000 00460nam a2200169Ia 4500
999 _c3178
_d3178
008 200103s 2012 ||||xx |||||||||||||| ||und||
020 _a9781906915391
082 _a616.025
_bINU
100 _aThe Nautical Institute
245 0 _aCasualty management guidelines
260 _bThe Nautical Institute
_c2012
_aLondon
300 _av,140p.
650 _aGeneral Introduction
650 _aThe Shipowner
650 _aThe Harbour Master
942 _cBK